01541nam a2200205Ia 4500003000400000005001700004008004100021020001800062040000700080041001200087082002000099100002000119245003900139250000600178260003600184300003200220365001300252520104300265650002701308OSt20251106145539.0210423s2009 xx 000 0 und d a9788175543089 cAL aEnglish a808.0665 bFORH aPatrick Forsyth ahow to write reports and proposals a2 aNew DelhibKogan Page Ltdc2009 avii,118p.bPBc21.5x13.8cm. b150cINR aGetting a message across on paper and presenting a proposal in a clear and persuasive form are vital skills for anyone in business. Fully revised and updated, How to Write Reports and Proposals provides practical pointers if you need to impress, convince and persuade your colleagues or clients. It will help you to improve your writing skills and enable you to ??? think constructively before writing; ??? create a good report; ??? produce persuasive proposals; ??? use clear and distinctive language; ??? present numbers, graphs and charts effectively. Using checklists, exercises and examples, this book explains how to make a plan of what to write, transfer ideas onto paper and edit them to achieve the best result. Essential reading for every businessperson, How to Write Reports and Proposals will help you to put over a good case with style. About Author: Patrick Forsyth runs Touchstone Training and Consultancy, which advises on marketing, sales and communication skills. An established author, he has written a number of books. 2LiteratureaLiterature